Người thợ cạo thành xêvin hay là ( Cẩn Thận Hão ). Ngày vui nhộn hay là ( Figarô cưới vợ )

保存先:
書誌詳細
第一著者: Bômacse
その他の著者: Tuấn Đô (dịch)
フォーマット: 図書
出版事項: H. Văn học 1992
シリーズ:Văn học cổ điển nước ngoài. Văn học Pháp
主題:
タグ: タグ追加
タグなし, このレコードへの初めてのタグを付けませんか!
Thư viện lưu trữ: Trung tâm Học liệu Lê Vũ Hùng, Trường Đại học Đồng Tháp
LEADER 00990pam a22002538a 4500
001 00021305
005 20171026081023.0
008 110523s1992 ||||||Viesd
041 0 # |a Vie 
082 1 4 |a 842  |b NG558TH 
100 0 # |a Bômacse 
245 0 0 |a Người thợ cạo thành xêvin hay là ( Cẩn Thận Hão ). Ngày vui nhộn hay là ( Figarô cưới vợ )  |c Bômacse; Tuấn Đô dịch 
260 # # |a H.  |b Văn học  |c 1992 
300 # # |c 19 cm.  |a 285 tr. 
490 # # |a Văn học cổ điển nước ngoài. Văn học Pháp 
650 # 4 |a Pháp 
650 # 4 |a Văn học cổ điển 
653 # # |a Kịch bản 
700 0 # |a Tuấn Đô  |e dịch 
852 # # |b Kho mượn  |j KM.0010109, KM.0010099, KM.0012456 
852 # # |b Kho đọc  |j KD.0007130 
852 # # |j KD.0007130  |j KM.0010109  |j KM.0010099  |j KM.0012456 
910 0 # |a nhnam  |d 23/05/2011 
980 # # |a Trung tâm Học liệu Lê Vũ Hùng, Trường Đại học Đồng Tháp